000
00345nam a2200145Ia 4500
008
220216s9999 xx 000 0 und d
100
_a
Tiyo
245
0
_a
Excess supply may cause NR price cash
260
_b
Rubber Asia
_c
1999
300
_a
94-96
650
_a
NR consumption
650
_a
NR price
650
_a
Rubber growers
942
_c
JS
999
_c
59079
_d
59079